mysqli: Table './ulib62015/stat_globaluid' is marked as crashed and should be repaired
select id from stat_globaluid where statuid='20260517200403_322'
mysqli: Table './ulib62015/stat_globaluid' is marked as crashed and should be repaired
DELETE FROM stat_globaluid
WHERE id NOT IN (
SELECT id
FROM (
SELECT id
FROM stat_globaluid
ORDER BY id DESC
LIMIT 100
) foo
);
mysqli: Table './ulib62015/stat_globaluid' is marked as crashed and should be repaired
insert into stat_globaluid set
statuid='20260517200403_322',
dt='1779023043',
phpself='/ULIB62015/dublinfull.php',
agent='Mozilla/5.0 AppleWebKit/537.36 (KHTML, like Gecko; compatible; ClaudeBot/1.0; +claudebot@anthropic.com)',
yea='2026',
mon='5',
dat='17',
ip='216.73.216.45'
mysqli: Table './ulib62015/stathist_viewbib_bib_type' is marked as crashed and should be repaired
insert into stathist_viewbib_bib_type set
dat='17' ,
mon='05' ,
yea='2026' ,
statuid='20260517200403_322' ,
head='13399121175' ,
foot='marc' ,
dt='1779023043'
| LEADER : 00000nam 2200000uu 4500 |
| 008 150401s||||||||th 000 0 tha d |
| 020 ^a9780763778057(pbk :alk paper)
|
| 060 0 ^aW84.3^bC492h 2011
|
| 100 0 ^aChatburn, Robert L.
|
| 245 00 ^aHanbook for health care research /^cRobert L. Chatburn
|
| 250 ^a2 nd.ed
|
| 260 ^aSudbury ,Mass :^bJones and Bartlett Publishers ,^cc2011.
|
| 300 ^axxiii, 368 p. ;^c23 cm.
|
| 504 ^aIncludes bibliograpical References and Index
|
| 650 0 ^aHealth Services Research^xMethods^xHandbooks
|
| 650 0 ^aResearch Design^xHandbooks
|
| 945 ^p0^l0^i022073 |
| 999 ^a57066
|
| คุณยังไม่ได้ล็อกอิน คุณสามารถมีกิจกรรมร่วมกับเว็บไซต์ได้ แต่ต้องล็อกอินก่อน :: |
|
|
|
| ลำดับที่ |
ประเภท |
เลขเรียก/บาร์โค้ด |
สถานที่ |
สถานะ |
| 1. |
 หนังสือ | W84.3 C492h 2011 Barcode: 022073 | หนังสือทั่วไป | บนชั้น ขอยืม |
|
ยังไม่เคยถูกคอมเมนท์
|
| คอมเมนท์ทรัพยากรรายการนี้ |
|